00514nam a22001457a 4500003000500000005001700005008004100022020001500063050002300078082002400101245007900125260004100204300003300245520009000278PILC20151021102750.0131001t xxu||||| |||| 00| 0 eng d a981010717X aGR 111b.T583 1997 aGS 398.2bMc25 1995 aTimes asian folktales from Korea /cretold by Margeri Kahlenberg-Williams. aSingapore :bEarly bird books,c1997 a60 p. :bill. col. ;c27 cm. aThe Empty Flowe Pot The willow whistle The tricky tiger The noble magpie The stonemen